Jezdecká akademie. Cesta do Snowfieldu /
Počáteční díl série z prostředí jezdecké akademie v kanadské divočině.
Uloženo v:
| Série: | Jezdecká akademie (Gina Mayer),
část 1 |
|---|---|
| Hlavní autor: | |
| Další autoři: | |
| Médium: | E-kniha |
| Jazyk: | Czech |
| Vydáno: |
Praha :
Dobrovský s.r.o.,
2022
|
| Edice: | King Cool
|
| Témata: | |
| Příbuzné jednotky: | Z cyklu::
Jezdecká akademie (Gina Mayer) |
| Tagy: |
Žádné tagy |
| LEADER | 02612nam a2200493 i 4500 | ||
|---|---|---|---|
| 001 | 311580 | ||
| 003 | CZ PrSKC | ||
| 005 | 20260601215708.0 | ||
| 007 | ta | ||
| 008 | 220421s2022 xr c 000 f cze | ||
| 015 | |a cnb003417587 | ||
| 020 | |a 9788027702701 |q (vázáno) | ||
| 035 | |a (OCoLC)1329407386 | ||
| 040 | |a ABG001 |b cze |d ABA001 |e rda | ||
| 041 | 1 | |a cze |h ger | |
| 072 | 7 | |a 821.112.2-3 |x Německá próza, německy psaná |2 Konspekt | |
| 072 | 7 | |a 821-93 |x Literatura pro děti a mládež (beletrie) |2 Konspekt | |
| 080 | |a 821.112.2-31 |2 MRF | ||
| 080 | |a 821-93 |2 MRF | ||
| 080 | |a (0:82-31) |2 MRF | ||
| 100 | 1 | |a Mayer, Gina, |d 1965- |7 xx0204280 |4 aut | |
| 240 | 1 | 0 | |a Reise nach Snowfields. |l Česky |
| 245 | 1 | 0 | |a Jezdecká akademie. |p Cesta do Snowfieldu / |c Gina Mayer ; z německého originálu Pferdeflüsterer-Academy - Reise nach Snowfields přeložila Iva Zündorf |
| 246 | 3 | 0 | |a Cesta do Snowfieldu |
| 264 | 1 | |a Praha : |b Dobrovský s.r.o., |c 2022 | |
| 300 | |a 212 stran ; |c 21 cm | ||
| 336 | |a text |b txt |2 rdacontent | ||
| 337 | |a bez média |b n |2 rdamedia | ||
| 338 | |a svazek |b nc |2 rdacarrier | ||
| 490 | 1 | |a King Cool | |
| 520 | 2 | |a Počáteční díl série z prostředí jezdecké akademie v kanadské divočině. |b Zoe je nadaná flétnistka, která slaví úspěchy na koncertech po celém světě. Koním rozumí asi jako fyzikálním tabulkám, tedy vlastně vůbec. Když se však rozhodne jet podpořit svou kamarádku Kim u přijímací zkoušky na Jezdeckou akademii ve Snowfieldu, kde studují jen ti nejlepší z nejlepších a kde léčí zraněné duše koní, něco se stane. V divoké přírodě kanadských hor Zoe zažije setkání, které jí změní život. Nakladatelská anotace. Kráceno. | |
| 655 | 7 | |a německé romány |7 fd132945 |2 czenas | |
| 655 | 7 | |a publikace pro mládež |7 fd133157 |2 czenas | |
| 655 | 9 | |a German fiction |2 eczenas | |
| 655 | 9 | |a juvenile literature |2 eczenas | |
| 700 | 1 | |a Zündorf, Iva, |d 1962- |7 jn20001227745 |4 trl | |
| 765 | 1 | |t Pferdeflüsterer-Academy | |
| 787 | 0 | 8 | |i Z cyklu: |t Jezdecká akademie (Gina Mayer) |g 1 |
| 830 | 0 | |a King Cool | |
| 900 | |a ABA001 |b 20 | ||
| 044 | |a xr | ||
| 910 | |a RBIT002 | ||
| 998 | |d 353116 |a https://core.palmknihy.cz/api/books/353116/cover?rcfdzl |b https://core.palmknihy.cz/api/books/353116/cover/400?rcfdzl |c https://core.palmknihy.cz/api/books/353116/cover/50?rcfdzl |e 2027-02-01 |g 216 |i 9788027702701 |j https://core.palmknihy.cz/api/books/353116/preview.epub |k https://core.palmknihy.cz/api/books/353116/preview.pdf |l |q 49 |r 1 |s https://www.palmknihy.cz/kniha/353116 |t ebook |y 2022 |z 0 |v Jezdecká akademie |w 1 | ||
| 999 | |d 311578 | ||